Names Of Taylor Swift Songs In 1989 - Statistics

General Stats
  • This quiz has been taken 205 times
  • The average score is 14 of 16
Answer Stats
Hint Answer % Correct
2 Blank Space
95%
6 Shake It Off
94%
8 Bad Blood
93%
3 Style
93%
1 Welcome To New York
93%
13 Clean
89%
4 Out Of The Woods
89%
9 Wildest Dreams
88%
14 Wonderland
84%
16 New Romantics
83%
10 How You Get The Girl
80%
11 This Love
80%
12 I Know Places
78%
5 All You Had To Do Was Stay
77%
15 You Are In Love
74%
7 I Wish You Would
73%
No matching quizzes found
Score Distribution
Percent of People with Each Score
Percentile by Number Answered
Your Score History
You have not taken this quiz